Marketing for nonprofit organizations / Philip Kotler (Registro nro. 14782)
[ vista simple ]
| 000 -LÍDER | |
|---|---|
| fixed length control field | 00522nam a2200157 4500 |
| 008 - ELEMENTOS DE LONGITUD FIJA -- INFORMACIÓN GENERAL | |
| fixed length control field | 0 1975 0x 000 0USA |
| 020 ## - NÚMERO INTERNACIONAL NORMALIZADO PARA LIBROS | |
| ISBN | 0-13-556084-5 |
| 050 ## - SIGNATURA TOPOGRAFICA DE LA BIBLIOTECA DEL CONGRESO (LC) | |
| Número de Clasificación | hf5415 k6312 |
| 082 ## - NUMERO DE CLASIFICACION DECIMAL DEWEY | |
| Número de Clasificación | 658.83 k254m |
| 100 ## - ASIENTO PRINCIPAL--NOMBRE PERSONAL | |
| Nombre personal | Kotler, Philip |
| 245 ## - TÍTULO | |
| Título | Marketing for nonprofit organizations / Philip Kotler |
| 260 ## - PUBLICACIÓN, DISTRIBUCIÓN, ETC. (PIE DE IMPRENTA) | |
| Lugar de publicación, distribución, etc. | United States of America : Prentice Hall |
| 300 ## - DESCRIPCIÓN FÍSICA | |
| Extensión | xi, 436 p. / 23 cm. |
| 500 ## - NOTA GENERAL | |
| Nota general | Incliye índice |
| 650 ## - ASIENTO SECUNDARIO DE MATERIA - TERMINO TEMÁTICO | |
| Término temático o nombre geográfico como elemento de entrada | 1.MERCADOTECNIA \ 2.SOCIEDADES MUTUALISTAS \ 3.MERCADOTECNIA-ESTUDIO DE CASOS |
| No. biblioteca | No. biblioteca | Número de clasificación | Código de barras/Número de adquisición | Número de copia | Tipo de material |
|---|---|---|---|---|---|
| LUIS G. INCLAN | LUIS G. INCLAN | 658.83 k254m | 7428 | 1 | Libros |
